Megaflow - Numerical Flow Simulation for Aircraft Design: Result of the second phase of the German CFD initiative MEGAFLOW,presented during its closing symposium at DLR ,Braunschweig ,Germany ,december10 and 11 ,2002 (Record no. 247642)

000 -LEADER
fixed length control field 00467 a2200121 4500
001 - CONTROL NUMBER
control field 12569
082 ## - DEWEY DECIMAL CLASSIFICATION NUMBER
Classification number 621.38152 KRO
090 ## - LOCALLY ASSIGNED LC-TYPE CALL NUMBER (OCLC); LOCAL CALL NUMBER (RLIN)
-- 9581
-- 9581
100 ## - MAIN ENTRY--PERSONAL NAME
Personal name Kroll, N.
245 ## - TITLE STATEMENT
Title Megaflow - Numerical Flow Simulation for Aircraft Design: Result of the second phase of the German CFD initiative MEGAFLOW,presented during its closing symposium at DLR ,Braunschweig ,Germany ,december10 and 11 ,2002
260 ## - PUBLICATION, DISTRIBUTION, ETC.
Place of publication, distribution, etc. Germany
Name of publisher, distributor, etc. Springer
Date of publication, distribution, etc. 2005
300 ## - PHYSICAL DESCRIPTION
Extent ix, 313 p.
942 ## - ADDED ENTRY ELEMENTS (KOHA)
Institution code [OBSOLETE] NUST-CAE
Call number prefix 621.38152 KRO
Holdings
Withdrawn status Lost status Damaged status Not for loan Collection code Permanent Location Current Location Date acquired Total Checkouts Full call number Barcode Date last seen Price effective from Koha item type
          College of Aeronautical Engineering (CAE) College of Aeronautical Engineering (CAE) 04/03/2017   621.38152 KRO CAEN-3727 04/05/2017 04/05/2017 Book
© 2023 Central Library, National University of Sciences and Technology. All Rights Reserved.